Largest Cities that Contain the Letter R - Statistics

General Stats
  • This quiz has been taken 287 times
  • The average score is 22 of 24
Answer Stats
Population City % Correct
21,900,000 Cairo
99%
11,400,000 Paris
99%
16,800,000 Buenos Aires
98%
28,600,000 Jakarta
98%
6,800,000 Madrid
98%
13,300,000 Rio de Janeiro
98%
23,000,000 New York
97%
15,800,000 Tehran
97%
14,500,000 Johannesburg
95%
9,100,000 Kuala Lumpur
95%
7,950,000 Singapore
95%
7,650,000 Toronto
95%
6,300,000 Nairobi
94%
8,800,000 Riyadh
94%
6,050,000 Alexandria
92%
18,600,000 Karachi
90%
6,150,000 Accra
85%
6,750,000 Dar es Salaam
85%
6,650,000 Khartoum
85%
13,900,000 Lahore
85%
7,800,000 San Francisco
84%
13,200,000 Bangalore
80%
10,700,000 Hyderabad
72%
7,150,000 Surat
43%
No matching quizzes found
Score Distribution
Percent of People with Each Score
Percentile by Number Answered
Your Score History
You have not taken this quiz